| 000 | 00747nam a2200253 a 4500 | ||
|---|---|---|---|
| 008 | |||
| 020 | _a1740813510 (pbk.) | ||
| 049 | _aMAIN | ||
| 090 |
_aQH303 _bBIO |
||
| 245 | 1 | 0 |
_aBiology : _ba contextual approach / _cMaggie Spenceley ...[et al.]. |
| 260 |
_aVictoria : _bMalcolm Parsons, _c2004. |
||
| 300 |
_axi, 643 p. : _bill.(chiefly col.) ; _c28 cm. |
||
| 500 | _aIncludes index. | ||
| 650 | _aBiological literature. | ||
| 650 |
_aLife sciences _xliterature. |
||
| 700 | _aSpenceley, Maggie. | ||
| 700 | _aWeller, Barbara. | ||
| 700 | _aMason, Margaret. | ||
| 907 |
_a.b10370869 _b07-03-16 _c01-03-16 |
||
| 003 | |||
| 005 | 20230123122211.0 | ||
| 040 | _cNUST | ||
| 942 |
_cBOOKS _kQH303 _mBIO |
||
| 999 |
_c129551 _d129551 |
||